Welcome to the Holygrace Academy Library

Please use search bar below to get started

111 BALAKATHAKAL (Record no. 1335)

MARC details
000 -LEADER
fixed length control field 00305nam a22001337a 4500
082 ## - DEWEY DECIMAL CLASSIFICATION NUMBER
Classification number 894.812
Item number EMM/O
100 ## - MAIN ENTRY--AUTHOR NAME
Personal name EMMATTY, GEORGE
245 ## - TITLE STATEMENT
Title 111 BALAKATHAKAL
250 ## - EDITION STATEMENT
Edition statement 5
260 ## - PUBLICATION, DISTRIBUTION, ETC. (IMPRINT)
Place of publication THRISSUR
Name of publisher H&C PUBLISHING HOUSE
Year of publication 2007
300 ## - PHYSICAL DESCRIPTION
Number of Pages 111
650 ## - SUBJECT ADDED ENTRY--TOPICAL TERM
Topical Term MALAYALAM SHORT STORY
Geographic subdivision KERALA
942 ## - ADDED ENTRY ELEMENTS (KOHA)
Koha item type Books
Holdings
Withdrawn status Lost status Collection code Home library Current library Shelving location Date acquired Source of acquisition Cost, normal purchase price Full call number Accession Number Koha item type
    Fiction Main Library Main Library SHELF-6D- MALAYALAM SHORT STORIES 01/03/2012 PURCHASE 10.00 894.812 EMM/O 03982 Books